Online Catalogue and eLibrary

Inner Spaces : (Record no. 3106)

MARC details
000 -LEADER
fixed length control field 00650nam a2200193Ia 4500
005 - DATE AND TIME OF LATEST TRANSACTION
control field 20240827054308.0
008 - FIXED-LENGTH DATA ELEMENTS--GENERAL INFORMATION
fixed length control field 240331s9999 xx 000 0 und d
020 ## - INTERNATIONAL STANDARD BOOK NUMBER
ISBN 8185107432
082 ## - DDC Classification
Item Number - Author Mark INN
Class No. 800
245 #0 - TITLE STATEMENT
Title Inner Spaces :
Remainder of title new writings by women from Kerala
260 ## - PUBLICATION, DISTRIBUTION, ETC.
Place of publication, distribution, etc. New Delhi
Name of publisher, distributor, etc. Kali for women
Date of publication, distribution, etc. 1994
300 ## - PHYSICAL DESCRIPTION
Extent (e.g. Volumes, Pages etc.) xvii, 125 p .,
500 ## - GENERAL NOTE
General note This rich and varied selection of stories provides a taste of women's writing in kerala from the thirties to the present day.
700 ## - ADDED ENTRY--PERSONAL NAME
Personal name George M.K
Relator term (Role) Editor
700 ## - ADDED ENTRY--PERSONAL NAME
Personal name James, Jancy
Relator term (Role) Editor
700 ## - ADDED ENTRY--PERSONAL NAME
Personal name Sankaranarayanan, Vasanthi
Relator term (Role) Editor
700 ## - ADDED ENTRY--PERSONAL NAME
Personal name Mahadevan, Raj Kamini
Relator term (Role) Editor
942 ## - Koha item type (Biblio)
Koha item type Books in Stacks (Lending)
Holdings
Lost status Damaged status Collection code Home library Current library Shelving location Date acquired Full call number Accession Number Item type
    Lending WERC Library WERC Library Social Science Cupboard 03/31/2024 800 INN 3554 Books in Stacks (Lending)

© WERC Library